| 000 | 00000nas##2200000za#4500 |
| 001 | 9.509537 |
| 003 | CaOODSP |
| 005 | 20200325104005 |
| 007 | ta |
| 008 | 150406c1996||||xxc|| m #||||f| |0fre|d |
| 040 | |aCaOODSP|bfre |
| 041 | |aeng |
| 041 | |afre |
| 043 | |an-cn--- |
| 086 | 1 |aMP78-4 |
| 110 | 1 |aCanada.|bDéveloppement des ressources humaines Canada. |bDirection générale de l'investissement dans les ressources humaines. |
| 245 | 10|aRépertoire des établissements d'enseignement agréés / |cPréparé par la Section de l'analyse socio-économique, Division de la politique des programmes d'apprentissage, Direction de l'alphabétisation et de l'apprentissage, Direction générale de l'investissement. |
| 260 | |aOttawa - Ontario : |bDéveloppement des ressources humaines Canada. |
| 500 | |a«Ce Répertoire renferme la liste de tous les établissements d'enseignement dont les étudiants sont admissibles aux prêts canadiens pour étudiants. Cette liste, dressée au 30 août 1996, est une mise à jour de la version de la version précédente qui remontait à 1991.»--Page i. |
| 520 | 3 |aCe Répertoire renferme la liste de tous les établissements d'enseignement dont les étudiants sont admissibles aux prêts canadiens pour étudiants. Cette liste, dressée au 30 août 1996, est une mise à jour de la version de la version précédente qui remontait à 1991.--Page i |
| 546 | |aBilingue |
| 563 | |aReliure à anneaux |
| 791 | |tMaster list of designated educational institutions / |eeng|w(CaOODSP)9.509536 |